000 00251nam a22000977a 4500
999 _c11730
_d11730
008 200113b ||||| |||| 00| 0 eng d
020 _a059046406X
100 _aHenkes Kevin
_97419
245 _aSheila Rae, The Brave
260 _aNew York
_bScholastic
_c1987